000 00732nam a2200241Ia 4500
003 OSt
005 20221005130441.0
006 a|||||r|||| 00| 0
007 ta
008 221004b |||||||| |||| 00| 0 eng d
024 _a67850
037 _cTextual
040 _aCRL
_cCRL
_beng
041 _2eng
_aeng
082 _aX:54p1(Y:4)rN68, K9
110 _aIndia (Government of --). Commerce (Ministry of --)
245 0 _aReport on the second United Nations Conference on trade and development held at New Delhi, 1968
260 _c1969
650 _aECONOMICS
700 _aIndia (Government of --). Commerce (Ministry of --)
942 _hX:54p1(Y:4)rN68, K9
_cTEXL
_2cc
999 _c1057281
_d1057281